00578nam a2200241Ia 450000500170000000800460001702000180006303700100008104000080009104000080009904000080010704100080011504100080012308400080013110000200013924500150015924500640017426000230023826000090026136500050027036500080027585600530028320260324133617.0008 260324s9999 xx 000 0 eng d a9781315262789 aEBOOK aCRL beng cCRL 2eng aeng qCRL aRobert C. Evans 3aAn Collins 0bPrinted Writings 1641–1700: Series II, Part Two, Volume 1 bTaylor and Francis c2003 a b230 uhttp://www.taylorfrancis.com/books/9781315262789